000 00468nam a2200181Ia 4500
001 20922
005 20260306172841.0
008 260306t2021||||xx |||||||||||||| ||spa||
041 _aESP
082 _a343.8
_bV41S
100 _aVéliz Lázaro, Héctor
_eAUT
245 0 _aSistema de detracciones:
_bpautas para su correcta aplicación
260 _c2021
300 _avarias paginaciones
_c24 cm.
650 _aGEN
654 _aCCO
942 _cLIB
_dJUS
_fJUS
_2ddc
_n
999 _c20922
_d20922